000 00509nam a22001817a 4500
003 0
005 20240109073615.0
008 240109b xxu||||| |||| 00| 0 eng d
020 _a978-0-8109-7068-7
050 _aFIC
_bK62 2009
082 _aFIC
_bK62 2009
100 _aKinney, Jeff
245 _aDiary of the wimpy kid: last straw
_cJeff Kinney
260 _aNew York
_bAmulet Books
_cc2009.
300 _a215 pages :
_bblack and white illustrations ;
_c 21cm.
650 _aFiction.
942 _2ddc
_cBK
999 _c365818
_d365818